| 000 | 01201nam a22002177a 4500 | ||
|---|---|---|---|
| 999 |
_c60160 _d60160 |
||
| 003 | Ge_BSU | ||
| 005 | 20230614115334.0 | ||
| 008 | 230614s2023 ge ||||| |||| 00| 0 geo d | ||
| 041 | _ageo | ||
| 080 | _a54 ფ-98 | ||
| 100 |
_aფუტკარაძე, ჯეირან _918692 |
||
| 245 |
_aPrunus cerasifera Ehrh ბიოლოგიურად აქტიური ნაერთების ქიმიური შედგენილობისა და ანტიოქსიდანტური აქტიურობის დადგენა : _bდისერტაცია / _cჯეირან ფუტკარაძე; სამეცნიერო ხელმძღვანელი ა. კალანდია; ბსუ. |
||
| 264 |
_aბათუმი, _c2023. |
||
| 300 |
_a125 გვ.; _b30 სმ. |
||
| 504 | _aბიბლიოგრ. გვ. 108-125 | ||
| 653 | _aქიმია | ||
| 653 | _aბუნებრივ ნაერთთა ანალიზი | ||
| 700 |
_aკალანდია, ა. _eსამეცნიერო ხელმძღვანელი _910752 |
||
| 710 |
_aბსუ. _918693 |
||
| 942 |
_2udc _cDS |
||